Baby Names: 'F' & 'G' Boy Names by Decade Quiz Stats

Quiz Updated Apr 14, 2017

Challenge
Share
Tweet
Embed
Score 0/130 Timer 08:00
13 Plays Today
Decade Names % Correct
1880sFrank
93%
1890sFrank
93%
1900sFrank
93%
1910sFrank
93%
1920sFrank
93%
1930sFrank
93%
1940sFrank
93%
1950sFrank
93%
1960sFrank
93%
1970sFrank
93%
1980sFrank
93%
1990sFrank
93%
1880sFred
89.8%
1890sFred
89.8%
1900sFred
89.8%
1910sFred
89.8%
1920sFred
89.8%
1930sFred
89.8%
1940sFred
89.8%
1950sFred
89.8%
1960sFred
89.8%
1880sGeorge
87.3%
1890sGeorge
87.3%
1900sGeorge
87.3%
1910sGeorge
87.3%
1920sGeorge
87.3%
1930sGeorge
87.3%
1940sGeorge
87.3%
1950sGeorge
87.3%
1960sGeorge
87.3%
1970sGeorge
87.3%
1980sGeorge
87.3%
1990sGeorge
87.3%
2000sGeorge
87.3%
1960sGreg
73.7%
1880sFrancis
71.6%
1890sFrancis
71.6%
1900sFrancis
71.6%
1910sFrancis
71.6%
1920sFrancis
71.6%
1930sFrancis
71.6%
1940sFrancis
71.6%
1950sFrancis
71.6%
1880sFrederick
70.1%
Decade Names % Correct
1890sFrederick
70.1%
1900sFrederick
70.1%
1910sFrederick
70.1%
1920sFrederick
70.1%
1930sFrederick
70.1%
1940sFrederick
70.1%
1950sFrederick
70.1%
1960sFrederick
70.1%
1970sFrederick
70.1%
1940sGregory
67.9%
1950sGregory
67.9%
1960sGregory
67.9%
1970sGregory
67.9%
1980sGregory
67.9%
1990sGregory
67.9%
2000sGregory
67.9%
1930sGary
66.6%
1940sGary
66.6%
1950sGary
66.6%
1960sGary
66.6%
1970sGary
66.6%
1980sGary
66.6%
1990sGary
66.6%
1900sGerald
49.8%
1910sGerald
49.8%
1920sGerald
49.8%
1930sGerald
49.8%
1940sGerald
49.8%
1950sGerald
49.8%
1960sGerald
49.8%
1970sGerald
49.8%
1980sGerald
49.8%
1880sFranklin
47.8%
1930sFranklin
47.8%
1980sGrant
46.6%
1990sGrant
46.6%
2000sGrant
46.6%
1960sGlen
40.2%
1970sGabriel
38%
1980sGabriel
38%
1990sGabriel
38%
2000sGabriel
38%
1990sGavin
36.9%
2000sGavin
36.9%
Decade Names % Correct
1930sGordon
36%
1910sGordon
36%
1920sGordon
36%
1950sGordon
36%
1970sGeoffrey
35.8%
1890sGlenn
34.1%
1900sGlenn
34.1%
1910sGlenn
34.1%
1920sGlenn
34.1%
1940sGlenn
34.1%
1950sGlenn
34.1%
1960sGlenn
34.1%
1970sGlenn
34.1%
1880sGus
29.2%
1890sGilbert
28.5%
1900sGilbert
28.5%
1910sGilbert
28.5%
1920sGilbert
28.5%
1980sGarrett
28.1%
1990sGarrett
28.1%
2000sGarrett
28.1%
1930sGene
24%
1940sGene
24%
1880sGuy
23.1%
1890sGuy
23.1%
1900sGuy
23.1%
1880sFloyd
22.1%
1890sFloyd
22.1%
1900sFloyd
22.1%
1910sFloyd
22.1%
1920sFloyd
22.1%
1970sFrancisco
18.8%
1980sFrancisco
18.8%
1990sFrancisco
18.8%
2000sFrancisco
18.8%
1980sFernando
18.3%
1990sFernando
18.3%
2000sFernando
18.3%
1880sGrover
14.2%
1890sGrover
14.2%
2000sGage
12.1%
2000sGiovanni
11.6%

You're not logged in!

Compare scores with friends on all Sporcle quizzes.
Join for Free
OR
Log In

You Might Also Like...

Show Comments

Extras

Top Quizzes Today


Score Distribution

Your Account Isn't Verified!

In order to create a playlist on Sporcle, you need to verify the email address you used during registration. Go to your Sporcle Settings to finish the process.

Report this User

Report this user for behavior that violates our Community Guidelines.

Details: